000 00280nam a2200121 a 4500
008 101210s1970|||| d
100 1 _aBlaho, Janko
245 1 0 _aZáhorácke pesničky 4
260 _bPanton
_aBratislava
_c1970
020 _c38
041 _aslo
044 _axo
_cSK
999 _c15138
_d15138